00456 2200181 4500001002100000005001500021008004100036020002200077035001900099041000700118082000800125090001400133100002200147245002300169260003000192300002800222650002400250INLIS00000000000808420241224113603241224||||||||| | ||| |||| || |  a978-979-066-514-9 0010-1224008084 aid0 a813 a813 CUT s0 aCut Khairun Nissa00aSaputangan Gladiss aBandungbDar! Mizanc2012 a116 hlm.; ilust.: 21 cm 0afiksi -- novel anak